000 00441nam a2200181 a 4500
001 1757242679113
003 ACL
005 20250907162939.0
008 250907s2008##################000#0#eng##
020 _a9780747592952
082 0 4 _a782.4216413
_bWIL
100 1 _aHodgkinson, Will,
_eauthor.
245 1 0 _aSong Man :
260 _bBloomsbury Paperbacks,
_c2008.
650 0 _aLyricists.
942 _cENGLISH
040 _aACL
_beng
_cACL
999 _c585701
_d585701